Tarás Bulba /

Uloženo v:
Podrobná bibliografie
Hlavní autor: Gogol, Nikolai Vasilievich (autor)
Další autoři: Pardo Bazán, Emilia (prólogo) (prólogo)
Médium: Kniha
Jazyk:španělština
Vydáno: México : Porrúa, 1984
Edice:(Sepan Cuántos ; 489)
Témata:
Tagy: Přidat tag
Žádné tagy, Buďte první, kdo vytvoří štítek k tomuto záznamu!

MARC

LEADER 00000nam^a2200000^a^4500
001 000023405
005 20250521000000.0
009 20260526113824.07
020 |a 968-432-991-1 
037 |a Acervo ITESO - Biblioteca 
041 |a ESP 
082 |a 082.  |b POR V. 457 
100 |a Gogol, Nikolai Vasilievich  |e (autor) 
240 1 1 |a [Tarás Bulba] 
240 1 1 |a [Relatos de Mirgorod] 
245 1 0 |a Tarás Bulba /  |c N.V. Gogol ; pról. de E. Pardo Bazán ; tr. por Irene Tchernowa. 
264 1 |a México :  |b Porrúa,  |c 1984 
300 |a 163 p. 
336 |a texto  |b txt  |2 rdacontenido 
337 |a sin mediación  |b n  |2 rdamedio 
338 |a volumen  |b nc  |2 rdasoporte 
440 1 |a (Sepan Cuántos ;  |v 489) 
649 |a XX 
650 |a Cuentos Rusos 
650 |a Cuentos Ucraniaos 
650 |a Novela Rusa 
650 |a Novela Ucraniana 
650 |a Literatura Rusa -  |y Siglo XIX 
650 |a Literatura Ucraniana -  |y Siglo XIX 
650 |a Literatura en Ruso -  |z Ucrania 
740 0 |a Relatos de Mirgorod /  |c N.V. Gogol ; pról. de E. Pardo Bazán ; tr. por Irene Tchernowa. 
700 |a Pardo Bazán, Emilia  |e (prólogo) 
910 |a Fondo General 
920 |a Impresos - Libros 
930 |a Colección General 
940 |a Literatura 
905 |a 101 
901 |a 0234050100  |b IT1  |c LIT  |i 023405  |u 20250521 
902 |a https://opac.biblio.iteso.mx/vufind/Record/000023405